Riadenie podnikov v podmienkach intenzifikácie

Salvato in:
Dettagli Bibliografici
Autore principale: Sedlák, Mikuláš
Natura: Libro
Lingua:slovacco
Pubblicazione: Bratislava Práca 1988
Serie:Knižnica racionalizácie a riadenia Zv.4/88
Tags: Aggiungi Tag
Nessun Tag, puoi essere il primo ad aggiungerne!!

MARC

LEADER 00000nam a2200000 4500
001 c032794
005 20250516124125.5
041 0 |a slo 
044 |a SK 
245 1 0 |a Riadenie podnikov v podmienkach intenzifikácie  |c Mikuláš Sedlák a kol. 
264 1 |a Bratislava  |b Práca  |c 1988 
300 |a 262 s. 
490 1 |a Knižnica racionalizácie a riadenia  |v Zv.4/88 
830 0 |a Knižnica racionalizácie a riadenia  |v Zv.4/88 
100 1 |a Sedlák, Mikuláš